000 00680nam a2200241 i 4500
001 C2-0310206
003 PPAK
005 20180728101447.0
008 110612s2002 my |||| ||||| | may d
020 _a9836269746
040 _aPPAK
_beng
_cPPAK
_erda
082 0 4 _a899.23
_223
090 0 0 _a899.23
_bANT
_dKMI
245 0 0 _aAntologi seuntai kata untuk dirasa
264 1 _aKuala Lumpur :
_bDewan Bahasa dan Pustaka ,
_c2002
300 _avi, 168 pages ;
_c20 cm
336 _2rdacontent
_atext
337 _2rdamedia
_aunmediated
338 _2rdacarrier
_avolume
500 _aTeks kesusasteraan Melayu sekolah menengah
650 1 0 _aMalay literature
942 _ddc
_cB
999 _c112693
_d112693